000 00936cad a2200217 4500
001 L152774
008 110421n2010 000 0 eng u
035 _a(Sirsi) u152774
041 0 _aeng
050 0 4 _a306.52 $2 18
100 1 _aDavies, Abigail
245 0 4 _aWidening the rental housing market
_h[electronic resource]
260 _aCoventry
_bChartered Institute of Housing
_c2010
520 _aInvestigates whether there is scope for social housing providers to provide more intermediate rented housing. Concludes that there is scope for current providers of social housing to widen their role and create a range of rented housing options to match local markets.
590 _aKA
651 4 _aUnited Kingdom
_y
690 _aPROPERTY-RESIDENTIAL PROPERTY
700 1 _aLupton, Mark
856 4 0 _uhttps://www.cih.org/policy/fpp-WideningRentaHousing-Aug10.pdf
_zView the report free of charge at www.cih.org.
942 _n0
999 _c112209
_d112209